Foundation Course in Human Values and Professional Ethics (Record no. 369679)

MARC details
000 -LEADER
fixed length control field 02028nam a2200217 4500
005 - DATE AND TIME OF LATEST TRANSACTION
control field 20260107121200.0
008 - FIXED-LENGTH DATA ELEMENTS--GENERAL INFORMATION
fixed length control field 260105b |||||||| |||| 00| 0 eng d
020 ## - INTERNATIONAL STANDARD BOOK NUMBER
International Standard Book Number 9788195770373
041 ## - LANGUAGE CODE
Language code of text/sound track or separate title English
082 ## - DEWEY DECIMAL CLASSIFICATION NUMBER
Classification number 170
Item number GAU
100 ## - MAIN ENTRY--PERSONAL NAME
Author Gaur. R. R.
245 ## - TITLE STATEMENT
Title Foundation Course in Human Values and Professional Ethics
Remainder of title : Presenting a Universal Approach to Value Education through Self-exploration
250 ## - EDITION STATEMENT
Edition statement 3rd
260 ## - PUBLICATION, DISTRIBUTION, ETC.
Place of publication, distribution, etc. Delhi
Name of publisher, distributor, etc. UHV Publication
Date of publication, distribution, etc. 2023
300 ## - PHYSICAL DESCRIPTION
Extent 481
365 ## - TRADE PRICE
Price amount 499.00
Currency code Rs.00
520 ## - SUMMARY, ETC.
Summary, etc. Section I Introduction to Value Education<br/>Chapter 1: Understanding Value Education<br/>Chapter 2: Self-exploration as the Process for Value Education<br/>Chapter 3: Basic Human Aspirations and their Fulfilment<br/>Chapter 4: Understanding Happiness and Prosperity - Their Continuity and Programme for Fulfilment<br/>Section II - Understanding the Harmony at Various Levels<br/>Chapter 5: Understanding the Human Being as Co-existence of the Self and the Body<br/>Chapter 6: Harmony in the Self - Understanding Myself<br/>Chapter 7: Harmony of the Self with the Body - Understanding Self-regulation and Health<br/>Chapter 8: Harmony in the Family - Understanding Values in Human-Human Relationships<br/>Chapter 9: Harmony in the Society - Understanding Universal Human Order<br/>Chapter 10: Harmony in Nature - Understanding the Interconnectedness, Self-regulation and Mutual Fulfilment<br/>Chapter 11: Harmony in Existence - Understanding Co-existence at Various Levels<br/>Section III - Implications of the Right Understanding<br/>Chapter 12: The Basis for Universal Human Values and Ethical Human Conduct <br/>Chapter 13: Professional Ethics in the light of Right Understanding<br/>Chapter 14: Holistic Development towards Universal Human Order<br/>Chapter 15: Vision for Holistic Technologies, Production Systems and Management Models<br/>Chapter 16: Journey towards Universal Human Order - The Road Ahead<br/>Section IV - Appendices<br/><br/>
650 ## - SUBJECT ADDED ENTRY--TOPICAL TERM
Topical term or geographic name entry element Ethics
700 ## - ADDED ENTRY--PERSONAL NAME
Personal name Asthana R.
-- Bagaria G. P.
942 ## - ADDED ENTRY ELEMENTS (KOHA)
Koha item type Books
Holdings
Withdrawn status Lost status Source of classification or shelving scheme Damaged status Not for loan Home library Current library Date acquired Vendor Net Price Bill number Total Checkouts Full call number Barcode Date last seen Discount Actual Price Bill Date Koha item type
    Dewey Decimal Classification     School of Fashion Technology School of Fashion Technology 05/01/2026 PHI 499.00 GST?25-26/1608   170 GAU SOFT-BK-4768 05/01/2026 0% 499.00 05/01/2026 Books
    Dewey Decimal Classification     School of Fashion Technology School of Fashion Technology 05/01/2026 PHI 499.00 GST?25-26/1608   170 GAU SOFT-BK-4769 05/01/2026 0% 499.00 05/01/2026 Books